000
00311nam a22001097a 4500
008
170112b xxu||||| |||| 00| 0 eng d
020
_a
9780803606166
041
_a
eng
080
_a
618.2
245
_a
CRITICAL THINKING: AN ITNERACTIVE TOOL FOR LEARNING MEDICAL-SURGICAL NURSING
_c
VANETZIAN, E.V
942
_2
udc
_c
BK
999
_c
2829
_d
2829